Score 0/19 Timer 04:00
0 Plays Today
% Correct
A - Alabama...
91.5%
T - Tennessee...
91.2%
M - Montana...
90.2%
F - Florida
90.1%
H - Hawaii
89.7%
O - Oregon...
89.2%
I - Indiana...
89.2%
C - Colorado...
89.2%
W - Wisconsin...
89%
N - Nebraska...
88.8%
% Correct
U - Utah
88.6%
K - Kansas...
88.1%
G - Georgia
87.7%
P - Pennsylvania
87.6%
S - South Dakota...
87.4%
L - Louisiana
86.2%
V - Virginia...
85.9%
R - Rhode Island
82.8%
D - Delaware
80.4%
Remove Ads.
Support Sporcle.
Get the best of Sporcle when you Go Orange. This ad-free experience offers more features, more stats, and more fun while also helping to support Sporcle. Thank you for becoming a member.

You're not logged in!

Compare scores with friends on all Sporcle quizzes.
OR
Log In

Show Comments

Extras

Top Quizzes Today


Score Distribution

Your Account Isn't Verified!

In order to create a playlist on Sporcle, you need to verify the email address you used during registration. Go to your Sporcle Settings to finish the process.

Report this User

Report this user for behavior that violates our Community Guidelines.

Details: